Statistics for Ireland Six Nations Squad 2024

Click here to take the quiz!

General Stats

  • This quiz has been taken 18 times
  • The average score is 24 of 34

Answer Stats

PositionPlayerClub% Correct
PropTadhg FurlongLeinster
100%
PropAndrew PorterLeinster
92%
HookerDan SheehanLeinster
92%
WingJames LoweLeinster
92%
Scrum HalfJamison Gibson-ParkLeinster
92%
Back RowJosh van der FlierLeinster
92%
CentreBundee AkiConnacht
85%
Back RowCaelan DorisLeinster
85%
Scrum HalfConor MurrayMunster
85%
Scrum HalfCraig CaseyMunster
85%
FullbackHugo KeenanLeinster
85%
Fly-HalfJack CrowleyMunster
85%
WingCalvin NashMunster
77%
CentreGarry RingroseLeinster
77%
Back RowJack ConanLeinster
77%
LockJoe McCarthyLeinster
77%
CentreRobbie HenshawLeinster
77%
LockTadhg BeirneMunster
77%
PropFinlay BealhamConnacht
69%
Fly-HalfHarry ByrneLeinster
69%
LockJames RyanLeinster
69%
Back RowPeter O'MahoneyMunster
69%
HookerRónan KelleherLeinster
69%
LockIain HendersonUlster
62%
PropTom O'TooleUlster
62%
PropCian HealyLeinster
54%
Fly-HalfCiaran FrawleyLeinster
54%
CentreStuart McCloskeyUlster
54%
WingJacob StockdaleUlster
46%
LockRyan BairdLeinster
46%
PropJeremy LoughmanMunster
31%
WingJordan LarmourLeinster
31%
Back RowNick TimoneyUlster
31%
HookerTom StewartUlster
15%

Score Distribution

Percentile by Number Answered

Percent of People with Each Score

Your Score History

You have not taken this quiz